000 00519nam a2200181Ia 4500
003 OSt
005 20240322102752.0
008 210210b1962 xxu||||| |||| 00| 0 eng d
040 _cAL
041 _akan
082 _a854/196
100 _aBRAHMAPPA (G) ಬ್ರಹ್ಮಪ್ಪ ಜಿ
_9146570
245 _aRatnakarana shataka sahitya:
_bರತ್ನಾಕರನ ಶತಕ ಸಾಹಿತ್ಯ
260 _aMangaluru
_b-
_c1962
690 _aKannada Criticism
_9146571
906 _a020048
942 _2ddc
_cBK
999 _c144200
_d144200